Championnat De France Des Rallyes - Statistiques

Statistiques générales
  • Ce quiz a été pris 158 fois
  • Le résultat moyen est 12 sur 24
Statistiques - réponses
Année Champions Voiture % Correct
2023 Yoann Bonato Citroen C3 R5
91%
2021 Yoann Bonato Citroen C3 R5
91%
2020 Yoann Bonato Citroen C3 R5
91%
2018 Yoann Bonato Citroen C3 R5
91%
2017 Yoann Bonato Citroen DS3 R5
91%
2019 Yohan Rossel Citroen C3 R5
85%
2001 Sébastien Loeb Citroen Xsara Kit Car
80%
2022 Quentin Giordano Volkswagen Polo R5
70%
2015 Jean-Marie Cuoq Citroen C4 WRC
65%
2012 Jean-Marie Cuoq Ford Focus RS WRC
65%
2011 Gilles Nantet Porsche 911 Gt3
47%
2000 Philippe Bugalski Citroen Xsara Kit Car
38%
2004 Stéphane Sarrazin Subaru Impreza WRC
37%
2014 Julien Maurin Ford Fiesta WRC
34%
2013 Julien Maurin Ford Fiesta WRC
34%
2016 Sylvain Michel Skoda Fabia R5
32%
2010 Bryan Bouffier Peugeot 207 S2000
31%
2008 Dani Snobeck Peugeot 307 WRC
29%
2007 Patrick Henry Peugeot 307 WRC
25%
2009 Guillaume Canivenq Peugeot 207 S2000
22%
2006 Nicolas Vouilloz Peugeot 307 WRC
22%
2003 Alexandre Bengué Peugeot 206 WRC
21%
2002 Benoit Rousselot Subaru Impreza WRC
21%
2005 Nicolas Bernardi Peugeot 206 WRC
19%
Aucun quiz correspondant
Distribution des résultats
% des personnes avec chaque résultat
Percentile par nombre de réponses
Votre historique - résultats
Vous n’avez pas pris ce quiz